Flexible packing of foods

Sparad:
Bibliografiska uppgifter
Huvudupphovsman: Brody, Aaron (Författare, medförfattare)
Materialtyp: Bok
Språk:engelska
Publicerad: Cleveland CRC Press 1970
Ämnen:
Taggar: Lägg till en tagg
Inga taggar, Lägg till första taggen!

MARC

LEADER 00000nam a2200000 a 4500
001 UCR4854
003 CL-VaPUC
008 980320e19700000US |||||||||||||||||eng|d
082 0 4 |a 664.092  |b BRO  |2 21 
100 0 |a Brody, Aaron  |e author  |9 405369 
245 1 0 |a Flexible packing of foods 
300 |a 103 p 
942 |c BK 
945 |d 19980320 00:00:00  |a crobeson 
260 |a Cleveland  |b CRC Press  |c 1970 
650 0 |a Embalaje  |9 364157 
650 7 |a TECNOLOGIA DE ALIMENTOS  |2 CL-VaPUC  |9 405370 
583 |a last modification  |c 19980320 00:00:00  |k Rodrigo Vera 
999 |c 267653  |d 267651 
952 |0 0  |1 0  |4 0  |6 664_092000000000000_BRO_1970  |7 0  |8 A  |9 300120  |a BIBALI  |b BIBALI  |c GEN  |d 2019-11-20  |i 1959522  |o 664.092 BRO 1970  |p 1959522  |r 2025-01-20  |w 2019-11-20  |y BK  |k ALI